000 00296nam a22001337a 4500
008 170802b xxu||||| |||| 00| 0 eng d
020 _a9780201310023
041 _aeng
080 _22ND
_a004
100 _a32
101 _aSHK
245 _aTHE JAVA CLASS LIBRARIES
_cCHAN.P
942 _2udc
_cBK
999 _c22476
_d22476